El sindico en el concurso preventivo (Registro nro. 1553)
[ vista simple ]
| 000 -LEADER | |
|---|---|
| fixed length control field | 01752 a2200205 4500 |
| 001 - CONTROL NUMBER | |
| control field | 27171 |
| 005 - DATE AND TIME OF LATEST TRANSACTION | |
| control field | 20260407155548.0 |
| 008 - FIXED-LENGTH DATA ELEMENTS--GENERAL INFORMATION | |
| fixed length control field | 260407a1976 arg spa d |
| 003 - CONTROL NUMBER IDENTIFIER | |
| control field | AR-UNSa-BCEJYS |
| 040 ## - CATALOGING SOURCE | |
| Original cataloging agency | AR-UNSa-BCEJYS |
| Language of cataloging | spa |
| Transcribing agency | AR-UNSa-BCEJYS |
| 080 ## - UNIVERSAL DECIMAL CLASSIFICATION NUMBER | |
| Universal Decimal Classification number | 347.736 |
| Common auxiliary subdivision | Quiebra. Insolvencia. Suspensión de pagos. Bancarrota, procedimientos. Derecho Concursal |
| 100 1# - MAIN ENTRY--PERSONAL NAME | |
| Personal name | Argeri, Saúl A. |
| 245 10 - TITLE STATEMENT | |
| Title | El sindico en el concurso preventivo |
| 264 #1 - PRODUCTION, PUBLICATION, DISTRIBUTION, MANUFACTURE, AND COPYRIGHT NOTICE | |
| Place of production, publication, distribution, manufacture | La Plata : |
| Name of producer, publisher, distributor, manufacturer | LEP (Librería Editora Platense) |
| Date of production, publication, distribution, manufacture, or copyright notice | 1976 |
| 300 ## - PHYSICAL DESCRIPTION | |
| Extent | 458 p. |
| Dimensions | 23 cm. |
| 505 ## - FORMATTED CONTENTS NOTE | |
| Formatted contents note | Parte I: Principios generales sobre concursos: 1. El concurso en su evolución histórica - 2. El concurso en sus diversos aspectos - 3. Esquema del régimen concursal establecido por el decreto ley 19.551 - Parte II: Principios generales sobre sindicatura: 1. Antecedentes históricos - 2. Naturaleza jurídica - 3. Legislación extranjera - 4. Esquema de su regimen en la legislación nacional - Parte III: El sindico en el concurso preventivo: 1. Comienzo de su intervención - 2. Función de vigilancia y control e la administración del patrimonio del deudor - 3. Función de colaboración con el juez en el andamiento y fines del proceso - 4. Función de colabroración con el juez para mantener la integridad del patrimonio del deudor - 5. Función complementaria sobre publicidad de la apertura del proceso - 6. Función del proceso de verificación de creditos - 7. Función del sindico durante la celebración de la junta de acreedores - 8.Función del sindico en la impugnación, homologación, cumplimiento y nulidad del acuerdo - 9. Función del sindico en la cesión de bienes. |
| 590 ## - LOCAL NOTE (RLIN) | |
| Local note | niveau_biblio:m niveau_hierar:0 |
| 700 1# - ADDED ENTRY--PERSONAL NAME | |
| Personal name | Argeri Graziani, Raquel C.E. |
| 942 ## - ADDED ENTRY ELEMENTS (KOHA) | |
| Koha item type | |
| Withdrawn status | Lost status | Damaged status | Not for loan | Home library | Current library | Shelving location | Date acquired | Total checkouts | Full call number | Barcode | Date last seen | Price effective from | Koha item type |
|---|---|---|---|---|---|---|---|---|---|---|---|---|---|
| Biblioteca Prof. Eusebio Cleto del Rey | Biblioteca Prof. Eusebio Cleto del Rey | 07/04/2026 | 347.736 A686s v.25 | L28803 | 07/04/2026 | 07/04/2026 | Libro |